000 00319nam a2200121Ia 4500
008 220204s9999 xx 000 0 und d
082 _a681.3.01
_bREI
100 _aReichenbach, Robert R
245 0 _aOrganizing for data processing
260 _aBombay
_bTaraporevala
_c1977
700 _aTasso, Charles A
942 _cBK
999 _c30302
_d30302